| 000 | 02969cam a22004338i 4500 | ||
|---|---|---|---|
| 001 | 23733964 | ||
| 003 | JO-AjAnu | ||
| 005 | 20251011090528.0 | ||
| 008 | 240613s2025 flu b 001 0 eng | ||
| 010 | _a 2024026392 | ||
| 020 |
_a9781032590806 _q(hardback) |
||
| 020 |
_a9781032591810 _q(paperback) |
||
| 020 |
_z9781003453376 _q(ebook) |
||
| 035 | _a23733964 | ||
| 040 |
_aDNLM/DLC _beng _erda _cDLC _dDLC _dJO-AjAnu |
||
| 041 |
_aeng _heng |
||
| 042 | _apcc | ||
| 050 | 0 | 0 |
_aRM218.7 _b2025 |
| 082 | 0 | 0 |
_a362.17/6 _223/eng/20241223 |
| 100 | 1 |
_aMoini, Jahangir, _d1942- _eauthor. |
|
| 245 | 1 | 0 |
_aHandbook of nutritional disorders / _cJahangir Moini and Katia Ferdowsi. |
| 250 | _aFirst edition. | ||
| 264 | 1 |
_aBoca Raton, FL : _bCRC Press, _c2025. |
|
| 300 | _a 509 peg | ||
| 336 |
_atext _btxt _2rdacontent |
||
| 337 |
_aunmediated _bn _2rdamedia |
||
| 338 |
_avolume _bnc _2rdacarrier |
||
| 504 | _aIncludes bibliographical references and index. | ||
| 505 | 0 | _aHealthy Nutrition -- Digestion, Absorption, and Metabolism -- Diabetes Mellitus -- Hereditary Carbohydrate Disorders -- Hypercholesterolemia -- Dyslipidemia and Atherosclerosis -- Hypertension -- Coronary Artery Disease -- Myocardial Infarction -- Stroke -- Hereditary Lipid Disorders -- Protein Deficiencies -- Protein Misfolding -- Hereditary Protein Disorders -- Fat-Soluble Vitamins -- Water-Soluble Vitamins -- Natremia, Chloremia, and Kalemia -- Calcemia and Phosphatemia -- Iron Deficiency and Toxicity -- Iodine Deficiency -- Copper Deficiency and Toxicity -- Fluorine Deficiency and Toxicity -- Miscellaneous and Rare Mineral Disorders -- Obesity and Metabolic Syndrome -- Electrolyte and Acid-Base Imbalance -- Malabsorption and Digestive Enzyme Deficiency -- Chronic Liver Disease -- Nutrition For Neuro-psychiatric Disorders -- Eating Disorders -- Nutritional Effects on Cancer -- Environmental Pollutant Disorders -- Nutritional Therapy. | |
| 520 |
_a"Handbook of Nutritional Disorders is a comprehensive handbook covering topics in nutrition, malnutrition, and the clinical disorders associated with nutrition from deficiency to toxicity. It includes information on disorders related to carbohydrate, lipid, and protein metabolism as well as vitamin and mineral abnormalities. The book details various types of supplements, feeding methods, and therapies for many specific patients. It aims to educate readers on ways to prevent disorders resulting from all types of malnutrition and their potentially severe complications"-- _cProvided by publisher. |
||
| 650 | 1 | 2 | _aNutrition Disorders |
| 650 | 2 | 2 | _aDeficiency Diseases |
| 650 | 2 | 2 | _aNutrition Therapy |
| 700 | 1 |
_aFerdowsi, Katia, _eauthor. |
|
| 776 | 0 | 8 |
_iOnline version: _aMoini, Jahangir. _tHandbook of nutritional disorders _bFirst edition. _dBoca Raton, FL : CRC Press, 2025 _z9781003453376 _w(DLC) 2024026393 |
| 906 |
_a7 _bcbc _corignew _d1 _eecip _f20 _gy-gencatlg |
||
| 942 |
_2lcc _cBK _n0 |
||
| 999 |
_c34027 _d34027 |
||